Turquía, la Unión Europea y los derechos humanos (Registro nro. 36933)
[ vista simple ]
| 000 -CABECERA | |
|---|---|
| Longitud fija campo de control | 01020naa a2200301 c 4500 |
| 001 - NÚMERO DE CONTROL | |
| Número de control | 36933 |
| 003 - IDENTIFICADOR DE NÚMERO DE CONTROL | |
| Identificador del número de control | ES-MaCES |
| 005 - FECHA Y HORA DE LA ÚLTIMA TRANSACCIÓN | |
| Fecha y hora de la última transacción | 20150929135552.0 |
| 008 - CAMPO FIJO DE DESCRIPCIÓN FIJA--INFORMACIÓN GENERAL | |
| Códigos de información de longitud fija | 060718n2006 sp t 000 | spa d |
| 035 ## - NÚMERO DE CONTROL DEL SISTEMA | |
| Número de control del sistema | CES20060012070v |
| 040 ## - FUENTE DE CATALOGACIÓN | |
| Centro catalogador de origen | ES-MaCES |
| Lengua de catalogación | spa |
| Centro transcriptor | ES-MaCES |
| 100 1# - ENCABEZAMIENTO PRINCIPAL--NOMBRE PERSONAL | |
| Nombre de persona | Gutiérrez de Terán Gómez-Benita, Ignacio |
| 9 (RLIN) | 14332 |
| 245 10 - MENCIÓN DE TÍTULO | |
| Título | Turquía, la Unión Europea y los derechos humanos |
| 650 #4 - ASIENTO SECUNDARIO DE MATERIA--TÉRMINO DE MATERIA | |
| Término de materia o nombre geográfico como elemento inicial | Turquía |
| 9 (RLIN) | 26990 |
| 650 #4 - ASIENTO SECUNDARIO DE MATERIA--TÉRMINO DE MATERIA | |
| Término de materia o nombre geográfico como elemento inicial | adhesión de miembros |
| 9 (RLIN) | 30972 |
| 650 #4 - ASIENTO SECUNDARIO DE MATERIA--TÉRMINO DE MATERIA | |
| Término de materia o nombre geográfico como elemento inicial | relaciones internacionales |
| 9 (RLIN) | 26675 |
| 650 #4 - ASIENTO SECUNDARIO DE MATERIA--TÉRMINO DE MATERIA | |
| Término de materia o nombre geográfico como elemento inicial | grupo étnico |
| 9 (RLIN) | 28524 |
| 650 #4 - ASIENTO SECUNDARIO DE MATERIA--TÉRMINO DE MATERIA | |
| Término de materia o nombre geográfico como elemento inicial | libertad de expresión |
| 9 (RLIN) | 29879 |
| 650 #4 - ASIENTO SECUNDARIO DE MATERIA--TÉRMINO DE MATERIA | |
| Término de materia o nombre geográfico como elemento inicial | fuerzas armadas |
| 9 (RLIN) | 26689 |
| 650 #4 - ASIENTO SECUNDARIO DE MATERIA--TÉRMINO DE MATERIA | |
| Término de materia o nombre geográfico como elemento inicial | condiciones sociales |
| 9 (RLIN) | 30469 |
| 650 #4 - ASIENTO SECUNDARIO DE MATERIA--TÉRMINO DE MATERIA | |
| Término de materia o nombre geográfico como elemento inicial | derechos humanos |
| 9 (RLIN) | 27171 |
| 653 10 - TÉRMINO DE INDEXACIÓN--NO CONTROLADO | |
| Término no controlado | Ciencias Sociales-Políticas |
| 650 #4 - ASIENTO SECUNDARIO DE MATERIA--TÉRMINO DE MATERIA | |
| 9 (RLIN) | 26752 |
| Término de materia o nombre geográfico como elemento inicial | UE |
| 773 0# - ENTRADA DE DOCUMENTO FUENTE | |
| Título | Hesperia culturas |
| Parte(s) relacionada(s) | n. 3 (en. 2006){55/1047 R. 064754}; p. 65-79 |
| Número de control del registro relacionado | (ES-MaCES)25999 |
| Itemnumber del ítem fuente | 79075 |
| 902 ## - CES. TIPO DE DOCUMENTO | |
| Tipodoc (006$c Sirtex) | ART Artículo de revista |
| 942 ## - ELEMENTOS KOHA | |
| Fuente de clasificaión o esquema | Clasificación propia del CES |
| Koha [por defecto] tipo de item | Artículos (1982-2017) |
| Parte de clasificación | 7.0. |
No hay ítems disponibles.
